| 000 | 00414cam a2200181ua 4500 | ||
|---|---|---|---|
| 001 | 3571 | ||
| 008 | 111121n ii |||gr||||Z||||||asm | ||
| 040 | _cMAIN | ||
| 082 | _a782.42 | ||
| 100 | _aBuragohain, Hema, | ||
| 245 | 1 | 1 |
_aAlakananda _cby Hema Buragohain |
| 250 | _a1st. | ||
| 260 |
_aSibsagarh: _bKarabiban,969. |
||
| 300 |
_a30p: _c23cm. |
||
| 653 | _aAssamese poem | ||
| 653 | _aAlakananda | ||
| 942 | _cBK | ||
| 999 |
_c3412 _d3412 |
||